Deutsche Bundesländer - Sudden Death - Statistiken

Allgemein
  • Dieses Quiz wurde 140 mal gespielt
  • Das Durchschnittsergebnis liegt bei 7 aus 16
Answers on the Grid
Answers color-coded by a green-red scale on the quiz's grid according to % correct below.
Nidersachsen
Hamburg
Bremen
Nordrhein-Westfahlen
Bayern
Rhienland-Pfalz
Sachsen-Anhalt
Thüringen
Brnadenburg
Baden-Würtemberg
Hammburg
Saarland
Meckelnburg-Vorpommem
Berlin
Baeyern
Nordrhein-Westfalen
Sachsen-Anhald
Baden-Württemberg
Schleswig-Holstein
Brenem
Hesen
Bärlin
Brandenburg
Türingen
Sachsen
Scheswig-Holstein
Sarland
Hessen
Mecklenburg-Vorpommern
Rheinland-Pfalz
Niedersachsen
Sacshen
 
Antwortstatistiken
Antwort % Korrekt
Hamburg
85%
Bremen
83%
Bayern
57%
Sachsen-Anhalt
46%
Thüringen
46%
Saarland
41%
Berlin
38%
Hessen
37%
Niedersachsen
37%
Rheinland-Pfalz
36%
Sachsen
36%
Brandenburg
34%
Mecklenburg-Vorpommern
34%
Schleswig-Holstein
32%
Nordrhein-Westfalen
30%
Baden-Württemberg
28%
Keine übereinstimmenden Quizze gefunden
Verteilung der Resultate
Anzahl Personen mit jedem Resultat
Perzentil nach korrekt beantworteten Fragen
Ihre Resultats-Entwicklung
Sie haben dieses Quiz noch nicht gespielt